书目信息 |
| 题名: |
李思训碑
|
|
| 作者: | 李邕 书 ;卢公 编 | |
| 分册: | ||
| 出版信息: | 北京 光明日报出版社 2008.03 |
|
| 页数: | 62页 | |
| 开本: | 29cm | |
| 丛书名: | 中国古代经典碑帖 | |
| 单 册: | ||
| 中图分类: | J292.24 | |
| 科图分类: | ||
| 主题词: | 行书--xing shu--碑帖--中国--唐代 | |
| 电子资源: | ||
| ISBN: | 978-7-80206-543-7 | |
| 000 | 00905nam 2200265 450 | |
| 001 | 012009498161 | |
| 005 | 20091026152551.10 | |
| 010 | @a978-7-80206-543-7@dCNY12.80 | |
| 100 | @a20091026d2008 em y0chiy0120 ea | |
| 101 | 0 | @achi |
| 102 | @aCN@b110000 | |
| 105 | @ah z 000yy | |
| 106 | @ar | |
| 200 | 1 | @a李思训碑@Ali si xun bei@e释文本@f(唐) 李邕@F(tang)li yong@g卢公编@Glu gong bian |
| 210 | @a北京@c光明日报出版社@d2008.03 | |
| 215 | @a62页@c摹真@d29cm | |
| 225 | 2 | @a中国古代经典碑帖@Azhong guo gu dai jing dian bei tie@v四 |
| 330 | @a李思训碑全称《唐故云麾将军右武卫大将军赠秦州都督彭国公谥日昭公李府君神道碑并序》,故亦称《云麾将军碑》。 | |
| 410 | 0 | @12001 @a中国古代经典碑帖 |
| 606 | 0 | @a行书@Axing shu@x碑帖@y中国@z唐代 |
| 690 | @aJ292.24@v4 | |
| 701 | 0 | @a李邕@Ali yong@4书 |
| 702 | 0 | @a卢公@Alu gong@4编 |
| 801 | 0 | @aCN@bQSSK@c20091026 |
| 905 | @b764549-51@dJ292.24@eL322@f3 | |
| 李思训碑:释文本/(唐) 李邕/卢公编.-北京:光明日报出版社,2008.03 |
| 62页:摹真;29cm.-(中国古代经典碑帖;四) |
| ISBN 978-7-80206-543-7:CNY12.80 |
| 李思训碑全称《唐故云麾将军右武卫大将军赠秦州都督彭国公谥日昭公李府君神道碑并序》,故亦称《云麾将军碑》。 |
| ● |
| 相关链接 |
|
|
|
正题名:李思训碑
索取号:J292.24/L322
 
预约/预借
| 序号 | 登录号 | 条形码 | 馆藏地/架位号 | 状态 | 备注 |
| 1 | 764549 | 207645495 | 社科库309/309社科库 80排3列5层/ [索取号:J292.24/L322] | 在馆 | |
| 2 | 764550 | 207645501 | 社科库309/309社科库 80排3列5层/ [索取号:J292.24/L322] | 在馆 | |
| 3 | 764551 | 207645510 | 社科库309/309社科库 80排3列5层/ [索取号:J292.24/L322] | 在馆 |